Local communication in Catalonia (1975-1988) : media spaces and democratic participation / Miquel de Moragas Spà, Maria Corominas Piulats media spaces and democratic participation / Miquel de Moragas Spà, Maria Corominas Piulats
Descripción Física:
41 f. ; 30 cm
Otros Autores:
Corominas, Maria
MARC
| LEADER | 00000nam a2200000Ia 4500 | ||
|---|---|---|---|
| 001 | 17832 | ||
| 008 | 160829s1988 xx 000 0 cat d | ||
| 080 | |a C-2-450 | ||
| 100 | |a Moragas i Spà, Miquel de |9 23443 | ||
| 245 | |a Local communication in Catalonia (1975-1988) : |b media spaces and democratic participation / Miquel de Moragas Spà, Maria Corominas Piulats | ||
| 260 | |a Barcelona : |b Diputació de Barcelona, |c 1988 | ||
| 300 | |a 41 f. ; |c 30 cm | ||
| 590 | |a Hi ha un exemplar en català amb R. 8911 i en castellà amb R. 8912 | ||
| 650 | |a Mitjans de comunicació de massa locals |x Catalunya |9 34247 | ||
| 700 | |a Corominas, Maria |9 23445 | ||
| 710 | 1 | |a Barcelona (Catalunya : Província). |b Diputació |9 52408 | |
| 901 | |a Arxiu | ||
| 942 | |n 1 | ||
| 952 | |0 0 |1 0 |4 0 |6 C2450 |7 1 |9 42709 |a Arxiu |b Arxiu |d 2016-12-01 |l 0 |o C-2-450 |p 17832 |r 2016-12-01 00:00:00 |w 2016-12-01 |y ARXIU | ||
| 999 | |c 45215 |d 45215 | ||